| 000 | 01420c a2200217 04500 | ||
|---|---|---|---|
| 001 | 5944 | ||
| 090 | _a5944 | ||
| 100 | _a20211231d1983 m||y0pory5003 ba | ||
| 200 | 1 |
_aArco do triunfo _fErich Maria Remarque _gtrad. Wanda Murgel de Castro |
|
| 210 | 9 |
_aLisboa _cLivros do Brasil _d[D.L. 1983] |
|
| 215 | _a382, [2] p. | ||
| 225 | 2 |
_aDois mundos _v6 |
|
| 304 | _aTít. orig.: Arch of Triumph | ||
| 330 | _aÉ 1939 e, apesar de não ter permissão de exercer a sua profissão, o médico-cirurgião e refugiado alemão Ravic vem operando pacientes na clandestinidade há dois anos, sob a supervisão de cirurgiões franceses menos experientes. Disposto a não retornar à Alemanha nazi que lhe cassou a cidadania, e incapaz de viver legalmente em qualquer outro lugar na Europa Ocidental pré-guerra, Ravic tenta levar a vida em meio aos milhares de outros fugitivos sem documentos ou passaporte, sob a ameaça constante de ser capturado e deportado de país em país. Mesmo no pior dos tempos a vida traz maneiras curiosas de fazer aflorar o romantismo, e apesar de ter desistido de amar, Ravic vê uma chance de redenção ao se aproximar da atriz e cantora Joan Madou. | ||
| 606 |
_913 _aLiteratura Estrangeira |
||
| 675 |
_a821.112.2-31"19" _vBN _zpor |
||
| 700 |
_aRemarque _bErich Maria _95473 _f1898-1970 |
||
| 702 |
_aCastro _bWanda Murgel de _95632 |
||
| 801 | 0 |
_aPT _bBMVN _gRPC |
|
| 830 |
_cInês Silva _d31/12/2021 |
||
| 990 | _cLIVROS | ||